000 00590nam a2200181Ia 4500
003 GCL
008 140319s9999 xx 000 0 ara d
040 _aGCL /
_cGCL
082 0 4 _a821.092009
_bم د
100 1 _aمجدى وهبة
245 1 0 _aدرايدن والشعر المسرحى: الكلاسيكية الجديدة فى المسرح /
_cمجدى وهبة
260 _a[S.N] :
_bالهيئة المصرية العامة للكتاب ،
_c1994
300 _a163 ص
490 _a
650 0 4 _aالادب العربى
650 0 4 _aالشعر المسرحى
942 _2ddc
_cBK
999 _c35398
_d35398